000 00375nam a2200145Ia 4500
008 240624s9999 xx 000 0 und d
041 _aeng
082 _a330.015195 DOU
100 _aDOUGHERTY CHRISTOPHER
245 _aINTRODUCTION TO ECONOMETRICS
250 _a(4th ed.)
260 _c2011
_aNew Delhi
_bOxford
300 _axvii, : 573 : p. : cm. ; 26
365 _cRS
_b31
999 _c24808
_d24808